000 01163nam a2200325 i 4500
001 000030939
003 DO-SdBNP
005 20260312134858.0
007 ta
008 110608s19391942dr 000 0 spa d
040 _aDO-SdBNP
_bspa
_cBNPHU
_erda
082 4 _a923.77295
_bH831r
_222
100 1 _aRodríguez Demorizi,
_957450
_eautora
245 1 0 _aHostos en Santo Domingo.
264 _aCiudad Trujillo, República Dominicana :
_bImpreta J.R. vda García,
_c1939.
300 _avolumenes ;
_c25 cm.
336 _2rdacontent
_atexto
_btxt
337 _2rdamedia
_asin mediación
_bnc
338 _2rdacarrier
_avolumen
_bn
500 _aCentenario de Eugenio María de Hostos (1839-1939)
500 _aLa biblioteca posee el volumen 1
590 _aInventariado, 2023/BT
600 1 4 _a Hostos, Eugenio Maria de,
_d1839-1903
_vColección de escritos
_984124
600 4 _a Hostos, Eugenio María de,
_d1839-1903
_v Pensamiento político social
_984125
650 0 _aIdeología
_99534
650 0 _aÉtica social
_91353
650 4 _aEducación
_z República Dominicana
_9737
910 _aBtavárez/Validado. Control de calidad MFF
942 _2ddc
_cLBS1
999 _c30431
_d30431